000 00839nam a2200265Ia 4500
003 OSt
005 20220930091746.0
006 a|||||r|||| 00| 0
007 ta
008 220926b |||||||| |||| 00| 0 eng d
024 _a10032
037 _cTheses
040 _aCRL
_cCRL
_beng
041 _2eng
_aeng
100 _aRahul Kumar Au.
_9539974
110 _aUniversity of Delhi. Faculty of Science. Department of Anthropology
_9144926
245 0 _aSocil justice and economics of resettlement and rehabilitation
260 _c2012
300 _a167p.
_ap.
_ccm.
650 _aANTHROPOLOGY
700 _a Srivastava Vinay Kumar Gu.
_9546555
700 _aUniversity of Delhi. Faculty of Science. Department of Anthropology
_9144928
942 _cDIS
_2CC
999 _c882591
_d882591